<?xml version="1.0" encoding="UTF-8"?><?xml-stylesheet type="text/xsl" href="static/style.xsl"?><OAI-PMH xmlns="http://www.openarchives.org/OAI/2.0/" xmlns:xsi="http://www.w3.org/2001/XMLSchema-instance" xsi:schemaLocation="http://www.openarchives.org/OAI/2.0/ http://www.openarchives.org/OAI/2.0/OAI-PMH.xsd"><responseDate>2026-04-18T02:26:23Z</responseDate><request verb="GetRecord" identifier="oai:riubu.ubu.es:10259/9140" metadataPrefix="marc">https://riubu.ubu.es/oai/request</request><GetRecord><record><header><identifier>oai:riubu.ubu.es:10259/9140</identifier><datestamp>2024-05-08T22:00:48Z</datestamp><setSpec>com_10259_2699</setSpec><setSpec>col_10259_2711</setSpec></header><metadata><record xmlns="http://www.loc.gov/MARC21/slim" xmlns:doc="http://www.lyncode.com/xoai" xmlns:xsi="http://www.w3.org/2001/XMLSchema-instance" xmlns:dcterms="http://purl.org/dc/terms/" xsi:schemaLocation="http://www.loc.gov/MARC21/slim http://www.loc.gov/standards/marcxml/schema/MARC21slim.xsd">
<leader>00925njm 22002777a 4500</leader>
<datafield tag="042" ind1=" " ind2=" ">
<subfield code="a">dc</subfield>
</datafield>
<datafield tag="720" ind1=" " ind2=" ">
<subfield code="a">Vicario Pérez, Ana María</subfield>
<subfield code="e">author</subfield>
</datafield>
<datafield tag="260" ind1=" " ind2=" ">
<subfield code="c">2023</subfield>
</datafield>
<datafield tag="520" ind1=" " ind2=" ">
<subfield code="a">La Tesis Doctoral aborda las dificultades de aplicación de los instrumentos de reconocimiento mutuo regulados por la normativa de la Unión Europea a los ilícitos trasnacionales cometidos por personas jurídicas, como consecuencia de la escasa aproximación legislativa penal tanto sustantiva como procesal existente aún en el Espacio de Libertad, Seguridad y Justicia (ELSJ), redundante en una falta de confianza mutua. Igualmente, se indaga en la adopción en España de un modelo penal de responsabilidad de las entidades, en el que el defecto organizacional se erige en elemento esencial de culpabilidad con la consiguiente aparición de cuestiones procesales de relieve, como lo es la atribución de la carga de la prueba de los programas de cumplimiento normativo o el respeto a las garantías procesales de las entidades.</subfield>
</datafield>
<datafield tag="520" ind1=" " ind2=" ">
<subfield code="a">This doctoral thesis deals with the difficulties of applying the mutual recognition instruments regulated by European Union legislation to transnational offences committed by legal persons, as a consequence of the scarce approximation of criminal legislation, both substantive and procedural, still existing in the Area of Freedom, Security and Justice (AFSJ), which results in a lack of mutual trust. It also explores the adoption in Spain of a criminal liability model for entities, in which the organisational defect becomes an essential element of culpability with the consequent appearance of important procedural issues, such as the attribution of the burden of proof of regulatory compliance programmes or respect for the procedural guarantees of the entities.</subfield>
</datafield>
<datafield tag="024" ind2=" " ind1="8">
<subfield code="a">http://hdl.handle.net/10259/9140</subfield>
</datafield>
<datafield tag="024" ind2=" " ind1="8">
<subfield code="a">10.36443/10259/9140</subfield>
</datafield>
<datafield ind1=" " ind2=" " tag="653">
<subfield code="a">Personas jurídicas</subfield>
</datafield>
<datafield ind1=" " ind2=" " tag="653">
<subfield code="a">Responsabilidad penal</subfield>
</datafield>
<datafield ind1=" " ind2=" " tag="653">
<subfield code="a">Cooperación judicial penal</subfield>
</datafield>
<datafield ind1=" " ind2=" " tag="653">
<subfield code="a">Defecto organizacional</subfield>
</datafield>
<datafield ind1=" " ind2=" " tag="653">
<subfield code="a">Garantías procesales</subfield>
</datafield>
<datafield ind1=" " ind2=" " tag="653">
<subfield code="a">Legal persons</subfield>
</datafield>
<datafield ind1=" " ind2=" " tag="653">
<subfield code="a">Criminal liability</subfield>
</datafield>
<datafield ind1=" " ind2=" " tag="653">
<subfield code="a">Criminal judicial cooperation</subfield>
</datafield>
<datafield ind1=" " ind2=" " tag="653">
<subfield code="a">Organisational defect</subfield>
</datafield>
<datafield ind1=" " ind2=" " tag="653">
<subfield code="a">Procedural safeguards</subfield>
</datafield>
<datafield tag="245" ind1="0" ind2="0">
<subfield code="a">Proceso penal y personas jurídicas: perspectivas desde el Derecho de la Unión Europea y el Derecho español</subfield>
</datafield>
</record></metadata></record></GetRecord></OAI-PMH>